| 000 | 00000nam##2200000za#4500 |
| 001 | 9.657248 |
| 003 | CaOODSP |
| 005 | 20240913083211 |
| 007 | ta |
| 008 | 150407|1994||||xxc||||| f|0| 0 fre|d |
| 020 | |a0-662-61545-X|z0-662-61521-2 |
| 040 | |aCaOODSP|bfre |
| 041 | |aeng |
| 041 | |afre |
| 043 | |an-cn--- |
| 086 | 1 |aMP90-2/12-1995 |
| 110 | 1 |aCanada.|bDéveloppement des ressources humaines Canada. |
| 245 | 10|aL'apport du gouvernement fédéral à l'enseignement postsecondaire : |bun document d'information |
| 260 | |aOttawa - Ontario : |bDéveloppement des ressources humaines Canada |c1994. |
| 300 | |aTexte français, 64p. : |bgraphiques, tableaux ; |c28 cm. |
| 500 | |a«Le présent document fait partie d'une série de documents d'information diffusés en vue d'offrir à la population canadienne des renseignements plus détaillés sur le système actuel et sur les propositions contenues dans le document de travail [N° de cat. MP90-2/3-1994F, ISBN 0-662-99436-1].»--Préface. Mot symbole sur la couverture et la page de titre: La sécurité sociale dans le Canada de demain. Sommaire: Introduction.--Enseignement postsecondaire au Canada.--Aide fédérale.--Options.--Améliorer le soutien offert aux étudiants.--Nouvelle approche en matière de l'aide fédérale accordée aux étudiants.--Conclusion.--Annexe A: FPE-EPS: Le mécanisme actuel.--Annexe B: FPE-EPS: Les options.--Annexe C: Programmes de prêts remboursables en fonction du revenu en vigueur en Australie et en Nouvelle-Zélande. |
| 520 | 3 |aLe présent document fait partie d'une série de documents d'information diffusés en vue d'offrir à la population canadienne des renseignements plus détaillés sur le système actuel et sur les propositions contenues dans le document de travail [N° de cat. MP90-2/3-1994F, ISBN 0-662-99436-1].--Préface |
| 546 | |aBilingue |
| 563 | |aCouverture souple |
| 590 | |a95-51|b1995-12-22 |
| 691 | 07|aEnseignement postsecondaire|2gcpds |
| 776 | 0#|tl'apport du gouvernement fédéral à l'enseignement postsecondaire : |w(CaOODSP)9.943183 |
| 791 | |tFederal support to post-secondary education : |eeng|w(CaOODSP)9.657247 |
| 986 | |aSC-095-01-95 |